Gastroenterology quick glance

A practical guide to gastrointestinal and liver disorders for physicians and residents. This portable guide provides clinicians with high-yield information in a quick-review format. Includes the clinical entities most likely to be encountered in medical practice, on the boards, and recertifying exam...

Popoln opis

Shranjeno v:
Bibliografske podrobnosti
Glavni avtor: Edwards, Z. Colette
Format: Knjiga
Jezik:Undetermined
Izdano: New York McGraw - Hill 2005
Teme:
Oznake: Označite
Brez oznak, prvi označite!
Thư viện lưu trữ: Trung tâm Học liệu Trường Đại học Cần Thơ
LEADER 00911nam a2200205Ia 4500
001 CTU_139097
008 210402s9999 xx 000 0 und d
020 |c 54.95 
082 |a 616.33 
082 |b E26 
100 |a Edwards, Z. Colette 
245 0 |a Gastroenterology quick glance 
245 0 |c Z. Colette Edwards 
260 |a New York 
260 |b McGraw - Hill 
260 |c 2005 
520 |a A practical guide to gastrointestinal and liver disorders for physicians and residents. This portable guide provides clinicians with high-yield information in a quick-review format. Includes the clinical entities most likely to be encountered in medical practice, on the boards, and recertifying exams. 
650 |a Gastroenterology,Gastroenterology,Nghiên cứu dạ dày-ruột,Nghiên cứu dạ dày-ruột 
904 |i Liễu 
980 |a Trung tâm Học liệu Trường Đại học Cần Thơ